Gaming Quiz

Random Gaming Quiz

Know Your Video Game Subtitles Quiz Stats

 Plays Quiz not verified by Sporcle

Score 0/40 Timer 08:00
0 Plays Today
Subtitle Main Title % Correct
Four Swords AdventuresLegend of Zelda
79.7%
Double Dash!!Mario Kart
73.2%
Crystal ChroniclesFinal Fantasy
69.3%
Shadows of the EmpireStar Wars
61.4%
Among ThievesUncharted 2
59.5%
Birth by SleepKingdom Hearts
59.5%
Fall of ManResistance
53.6%
6 Golden CoinsSuper Mario Land 2
51.6%
Warrior WithinPrince of Persia
51%
Portable OpsMetal Gear Solid
50.3%
Radiant DawnFire Emblem
49%
City FolkAnimal Crossing
48.4%
The Dark DescentAmnesia
47.7%
Sanity's RequiemEternal Darkness
47.1%
Pandora TomorrowSplinter Cell
47.1%
WarpedCrash Bandicoot (3)
44.4%
Invisible WarDeus Ex
43.1%
Mutant ApocalypseX-Men
39.2%
Orcs and HumansWarcraft
36.6%
Hoodlum HavocRayman 3
35.3%
Subtitle Main Title % Correct
All 4 OneRatchet and Clank
35.3%
The Angel of DarknessTomb Raider
34%
Band of ThievesSly 2
32%
The Dark ProjectThief
31.4%
The Lost ChaptersFable
30.7%
Odyssey to the WestEnslaved
28.1%
Dead AimResident Evil
27.5%
Seeds of EvilTurok 2
27.5%
The Darkside ChroniclesResident Evil
23.5%
Extreme ConditionLost Planet
22.9%
Via DomusLost
22.2%
Elements of PowerKameo
22.2%
Eternal Wings and the Lost OceanBaten Kaitos
17.6%
Terror from the DeepX-COM
17%
The Shadow of the TemplarsBroken Sword
16.3%
Glitch in the SystemMetal Arms
12.4%
Wrath of HeavenTenchu
11.8%
Samurai's DestinyOnimusha 2
9.2%
From the New WorldShadow Hearts
9.2%
Operation SurmaMission Impossible
3.9%

You're not logged in!

Compare scores with friends on all Sporcle quizzes.
OR
Log In

You Might Also Like...

Show Comments

Extras

Created Jun 10, 2012ReportNominate
Tags:subtitle, video

Top Quizzes Today


Score Distribution

Your Account Isn't Verified!

In order to create a playlist on Sporcle, you need to verify the email address you used during registration. Go to your Sporcle Settings to finish the process.

Report this User

Report this user for behavior that violates our Community Guidelines.

Details: